000 00479cam a22001817a 4500
001 001917
003 armpunfd
005 20140612090653.0
008 060426e0####xx#a##########000#0#und#d
040 _aarmpunfd
_carmpunfd
080 _a341.24 M
245 1 0 _aMercosur
260 _a Uenos Aires : Biblioteca Del Congreso De La Nacion
_b200?.
650 7 _a Derecho Internacional
_2LEMB
650 7 _a Mercosur
_2LEMB
942 _cLB
_2cdu
945 _aCatalis
_d2010-08-19
999 _c1908
_d232412